Brain peptides : a new endocrinology : proceedings of the Fourth Argenteuil Symposium /

Bibliographic Details
Corporate Authors: Argenteuil Symposium Waterloo, Belgium, Fondation cardiologique Princesse Liliane
Other Authors: Gotto, Antonio M., Peck, E. J. (Ernest J.), Boyd, Aurbrey E.
Format: Conference Proceeding Book
Language:English
Published: Amsterdam ; New York : Elsevier/North-Holland Biomedical Press ; 1979.
Subjects:

MARC

Tag First Indicator Second Indicator Subfields
LEADER 00000cam a2200000 i 4500
001 in00000068769
005 20151008050835.0
008 790413s1979 ne a b 10110 eng
010 |a  79014171  
020 |a 0444801383 
035 |a (OCoLC)04932886 
035 |9 AAG3752AM 
040 |a DLC  |c DLC  |d CHS  |d TXA  |d UtOrBLW 
049 |a TXAM  |c [1383219] 
050 0 0 |a QP356.4  |b .A73 1978 
082 0 |a 599/.01/88 
096 |a QU 68 A689b 1978 
111 2 |a Argenteuil Symposium  |n (4th :  |d 1978 :  |c Waterloo, Belgium) 
245 1 0 |a Brain peptides :  |b a new endocrinology : proceedings of the Fourth Argenteuil Symposium /  |c held under the auspices of the Fondation cardiologique Princesse Liliane in Waterloo, Belgium, October 29-31, 1978 ; editors, A. M. Gotto, Jr., E. J. Peck, Jr., A. E. Boyd III. 
264 1 |a Amsterdam ;  |a New York :  |b Elsevier/North-Holland Biomedical Press ;  |c 1979. 
264 2 |a New York :  |b Sole distributors for the USA and Canada, Elsevier North-Holland, 
300 |a viii, 406 pages :  |b illustrations ;  |c 25 cm. 
336 |a text  |b txt  |2 rdacontent 
337 |a unmediated  |b n  |2 rdamedia 
338 |a volume  |b nc  |2 rdacarrier 
504 |a Includes bibliographical references and index. 
650 0 |a Neuroendocrinology  |v Congresses. 
650 0 |a Peptides  |x Physiological effect  |x Congresses. 
650 0 |a Endorphins  |x Congresses. 
650 0 |a Brain  |v Congresses. 
650 2 |a Brain  |x physiology  |x congresses. 
650 2 |a Endorphins  |x congresses. 
650 2 |a Peptides  |x metabolism  |x congresses. 
700 1 |a Gotto, Antonio M. 
700 1 |a Peck, E. J.  |q (Ernest J.) 
700 1 |a Boyd, Aurbrey E. 
710 2 |a Fondation cardiologique Princesse Liliane. 
999 |a MARS 
999 f f |s 95413471-2415-3c1c-ad26-bc5ca46c01eb  |i 158e40fb-8235-320b-a107-1c4bcc99acb4  |t 0 
952 f f |p ric  |a Texas A&M University  |b Rellis Campus  |c Joint Library Facility  |d Remote Storage  |t 0  |e QP356.4 .A73 1978  |h Library of Congress classification  |i unmediated -- volume  |m A14805010316 
998 f f |a QP356.4 .A73 1978  |t 0  |l Remote Storage